Friends Trivia #2 - Statistics

General Stats
  • This quiz has been taken 52 times
  • The average score is 5 of 8
Answer Stats
Hint Answer % Correct
Where do the friends get coffee? Central Perk
100%
TRUE OR FALSE? Gunther has green hair. False
98%
Who does Chandler date early in the show and keeps meeting them unexpectedly in different episodes? Janice
93%
How does the above attack Joey? Punch
64%
Who gets rid of the above? Rachel
64%
Who is the foreign language date that Rachel has in season one? Paolo
56%
What is the name of Joey's date that attacks him? Katie
20%
What is the name of the doctor which ross sees as a child but still sees as an adult? Dr. Gettelman
4%
No matching quizzes found
Score Distribution
Percent of People with Each Score
Percentile by Number Answered
Your Score History
You have not taken this quiz